00533cam1a220015700 4500001001200000003000500012005001700017035002000034050002100054008004100075100002800116245008800144260005500232700007100287999001700358tmp15348785UPRA20190816095432.0 a(Sirsi) r125104 aPR 2602 JOH 1973950801s1973 enk deng u1 aJohnson, Ben.6A93326.110aEarly biographical writings of Dr. Johnson /cwith an introduction by J.D. Fleeman. a[Farnborough] :bGregg International Pub.,c[1973]1 aFleeman, J. D. (John David)qFleeman, J. D. (John David)6A93327.1 c84379d84379